000 00953nam a2200265 i 4500
005 20260222125944.0
008 260222s2025 my gr 00| jbmay d
020 _a9786299736677
_cRM30.00
_qpaperback
040 _aPPAK
_beng
_cPPAK
_erda
082 0 4 _223
_a899.23301
090 0 0 _a899.23301
_bZUR
_dG
100 0 _aZurinah Hassan,
_cDatuk, Dr.,
_d1949-
_eauthor.
245 1 0 _aMurka Lautan :
_bKumpulan Cerpen /
_cZURINAH HASSAN ; ILUSTRASI KULIT BUKIT: ELEANOUR ALBAR
264 1 _aSHAH ALAM, SELANGOR :
_bKUALI HITAM ENTERPRISE,
_c2025
300 _a237 pages, 1 unnumbered pages ;
_c20 cm
336 _atext
_2rdacontent
337 _aunmediated
_2rdamedia
338 _avolume
_2rdacarrier
500 _aAnugerah Sastera Darul Aman 2022
650 1 0 _aShort stories, Malay
650 2 0 _aMalay fiction
650 2 4 _aMalaysian fiction (Malay)
700 0 _aEleanour Albar,
_eillustrator.
942 _2ddc
_cB
999 _c203161
_d203161